| 000 | 00681nas a2200241 4500 | ||
|---|---|---|---|
| 001 | BR8603330 | ||
| 003 | BR-BrBNA | ||
| 005 | 20231205090532.0 | ||
| 007 | ta | ||
| 008 | 230509b bl.|||p| |||| 00| 00por d | ||
| 040 |
_aBR-BrBNA _bpor _cBiblioteca Nacional de Agricultura |
||
| 041 | _a(Pt) | ||
| 072 | _aL73 | ||
| 100 | 1 | _aNascimento, R. | |
| 245 | 1 | _aZoonoses para uma dupla ameaca, controle redobrado | |
| 650 | _aZOONOSE | ||
| 650 | _aCISTICERCOSE | ||
| 650 | _aBRUCELOSE | ||
| 650 | _aLEPTOSPIROSE | ||
| 773 | 0 |
_tBalde Branco (Brazil) _xISSN 0005-4275 _g(Apr 1986), v. 21(258) p. 23-25 _wBR8603330 |
|
| 909 |
_a202311 _bLúcia _c55 _dLúcia Elande |
||
| 942 |
_2AGRIS _n0 _cANA |
||
| 999 |
_c119130 _d119130 |
||